Advanced particle physics (Record no. 1210717)

MARC details
000 -LEADER
fixed length control field 01028nam a2200325Ia 4500
003 - CONTROL NUMBER IDENTIFIER
control field OSt
005 - DATE AND TIME OF LATEST TRANSACTION
control field 20221007122641.0
008 - FIXED-LENGTH DATA ELEMENTS--GENERAL INFORMATION
fixed length control field 221006b |||||||| |||| 00| 0 eng d
020 ## - INTERNATIONAL STANDARD BOOK NUMBER
International Standard Book Number 9781439804148 (Hb)
037 ## - SOURCE OF ACQUISITION
Terms of availability Textual
040 ## - CATALOGING SOURCE
Original cataloging agency PAPL
Transcribing agency PAPL
Language of cataloging eng
041 ## - LANGUAGE CODE
Source of code eng
Language code of text/sound track or separate title eng
100 ## - MAIN ENTRY--PERSONAL NAME
Personal name Boyarkin O.M
9 (RLIN) 714773
245 #0 - TITLE STATEMENT
Title Advanced particle physics
260 ## - PUBLICATION, DISTRIBUTION, ETC.
Place of publication, distribution, etc. UK
Name of publisher, distributor, etc. CRC
Date of publication, distribution, etc. 2011
300 ## - PHYSICAL DESCRIPTION
Extent xv; 639p.
Dimensions cm.
490 ## - SERIES STATEMENT
Volume/sequential designation Vol.1
500 ## - GENERAL NOTE
General note Include bibliographical references 627-630p; Appendix 631-632p; Index 633-639p
650 ## - SUBJECT ADDED ENTRY--TOPICAL TERM
Topical term or geographic name entry element Electrodynamics physics
9 (RLIN) 714544
650 ## - SUBJECT ADDED ENTRY--TOPICAL TERM
Topical term or geographic name entry element Mathematical prelude
9 (RLIN) 714774
650 ## - SUBJECT ADDED ENTRY--TOPICAL TERM
Topical term or geographic name entry element Particle physics
650 ## - SUBJECT ADDED ENTRY--TOPICAL TERM
Topical term or geographic name entry element Quantum physics
650 ## - SUBJECT ADDED ENTRY--TOPICAL TERM
Topical term or geographic name entry element Physics
942 ## - ADDED ENTRY ELEMENTS (KOHA)
Classification part C:9B36, Q1.1-2 Carpa
Koha item type Textual
Source of classification or shelving scheme Colon Classification (CC)
Holdings
Withdrawn status Lost status Source of classification or shelving scheme Damaged status Not for loan Home library Current library Date acquired Source of acquisition Serial Enumeration / chronology Total Checkouts Full call number Barcode Date last seen Price effective from Koha item type
    Colon Classification (CC)     Department of Physics and Astrophysics Library Department of Physics and Astrophysics Library 2022-10-07 4092, 29/09/2011, New India Book Agency Vol.1   C:9B36 Q1.1-2 Carpa PA00020 1 2022-10-07 2022-10-07 Textual
Copyright @ Delhi University Library System